000 00625nam a22002297a 4500
001 14451
003 BD-JhCC
005 20251120122811.0
008 251120b |||||||| |||| 00| 0 eng d
020 _a9780141398556
035 _a(BD-JhCC) 14451
040 _aBD-JhCC
_dBD-JhCC
041 _aeng
082 _223
_a918.04
_bDAR
100 _aDarwin,Charles
245 _aIt was snowing butterflies /
_cCharles Darwin
260 _aLondon:
_bPenguin Classics,
_c2015
300 _a50p.;
_c17 cm.
490 _a Penguin Little black classics
_vN, 67
650 _aScientific expeditions South America
942 _2ddc
_cBK
999 _c14451
_d14451